Click the Disney Characters - Statistics

General Stats
  • This quiz has been taken 70,771 times
  • The average score is 28 of 32
Answers on the Map
Answers color-coded by a green-red scale on the quiz's map according to % correct below.
 
Answer Stats
Answer % Correct
Mickey Mouse
94%
Winnie-the-Pooh
94%
Beast
93%
Peter Pan
93%
Pinocchio
93%
Simba
93%
Tarzan
93%
Ariel
92%
Donald Duck
92%
Dumbo
92%
Tigger
92%
Bambi
91%
Cinderella
91%
Goofy
91%
Jasmine
91%
Stitch
91%
Alice
90%
Piglet
90%
Pocahontas
90%
Snow White
90%
Tinkerbell
89%
Belle
88%
Jiminy Cricket
87%
Baloo
84%
Lilo
84%
Lady
82%
Mowgli
82%
Aurora
81%
Eeyore
80%
Tramp
77%
Patch
75%
Marie
72%
No matching quizzes found
Score Distribution
Percent of People with Each Score
Percentile by Number Answered
Your Score History
You have not taken this quiz